NBA All-Time Leaders in 3 Pointers Made - Statistics

General Stats
  • This quiz has been taken 21 times
  • The average score is 12 of 30
Answer Stats
Answer % Correct
LeBron James
100%
Stephen Curry
100%
James Harden
94%
Ray Allen
89%
Kevin Durant
78%
Damian Lillard
72%
Klay Thompson
72%
Kyle Korver
56%
Reggie Miller
56%
Chris Paul
50%
Dirk Nowitzki
44%
Joe Johnson
44%
Kyle Lowry
39%
Kyrie Irving
39%
Paul George
39%
Paul Pierce
39%
Jason Kidd
33%
Eric Gordon
28%
Buddy Hield
22%
JR Smith
22%
Tim Hardaway Jr.
22%
CJ McCollum
17%
Donovan Mitchell
17%
Jason Terry
17%
Vince Carter
17%
JJ Redick
11%
Mike Conley
11%
Jamal Crawford
6%
Nicolas Batum
0%
Wesley Matthews
0%
No matching quizzes found
Score Distribution
Percent of People with Each Score
Percentile by Number Answered
Your Score History
You have not taken this quiz